00425cam a2200181ua 45000010005000000080039000050200015000440400009000590410008000680820008000761000028000842450036001122500009001482600031001573000010001886530026001986530019002248532150205n ii |||gr||||Z||||||eng a8125000801 cMAIN aeng a414 aBansal. R. K.,eAuthor. aSpoken englishcBy R. K. Bansal a2nd. aNew Delhi:bOrient,c1994. a191p. aPhonology & phonetics aSpoken english